01111nas a2200241Ia 4500001001100000003000900011008004100020040001300061040001300074041001300087100003800100210004500138222004500183245014900228250001100377260003400388501008600422300001100508310001600519362003600535500026000571650003800831R223/B1942IT-RoPAU151124c99999999xx |||||||||||| ||und|| aIT-RoPAU cIT-RoPAU aITALIANO aAA.VV. gCodice Aut. SPICS: 12000 aCHIESA OGGI ARCHITETTURA E COMUNICAZIONE aChiesa Oggi Architettura E Comunicazione aCHIESA OGGI ARCHITETTURA E COMUNICAZIONE, ANNO 01-N.02 (SETTEMBRE 1992)bChiesa Oggi Architettura E Comunicazione, Anno 01-N.02 (Settembre 1992) a1a ed. aMILANObDI BAIO EDITOREc1992 bPaulus - SPICS - Società San Paolo EM (non-commercial uses only)cCopyright2015 a132 p. aTRIMESTRALE aANNO 001, N.02 (SETTEMBRE 1992) aMovimento Liturgico e Nuova Architettura. Teologia e Architettura: Genesi Dello Spazio Liturgico Prima Casa del Popolo di Dio. Pensiero dell'Architetto: Ritrovare la Poesia Dello Spazio, Progresso Delle Cattedrali e Tipologie Architettoniche. Stato e Chie aESTETICAvPUBBLICAZIONE PERIODICA